| 000 | 00483nam a2200157Ia 4500 | ||
|---|---|---|---|
| 008 | 240729s9999 xx 000 0 und d | ||
| 022 | _a1880-9863 | ||
| 245 | 0 | _aJournal of Biomechanical Science and Engineering | |
| 260 | _aJapan | ||
| 260 | _bThe Japan Society of Mechanical Engineers | ||
| 650 | _a Mechanical engineering and machinery | ||
| 650 | _aScience | Technology | ||
| 856 | _uhttps://doaj.org/toc/a28e2b87dd464f1185852b77d5a0995f | ||
| 942 | _2ddc | ||
| 942 | _cDOAJEJ | ||
| 999 |
_c66217 _d66217 |
||
| 945 |
_a1 _bMadushi Gamage _c1 _dMadushi Gamage |
||